Gaming Quiz

Random Gaming or Video Games Quiz

Kingdom Hearts Series Characters Quiz Stats

 Plays Quiz Updated Mar 25, 2016

Score 0/239 Timer 20:00
5 Plays Today
Homeworld Character % Correct
Destiny IslandsSora
94.4%
Disney CastleKing Mickey
91.9%
Destiny IslandsRiku
90.7%
Disney CastleDonald Duck
90.6%
Disney CastleGoofy
90.2%
Castle OblivionRiku Replica
89.8%
Destiny IslandsKairi
89%
Disney CastleQueen Minnie
85.3%
Port RoyalJack Sparrow
84.9%
Halloween TownJack Skellington
84.8%
Olympus ColiseumHercules
81.7%
100 Acre WoodWinnie the Pooh
81%
World That Never WasRoxas
80.2%
AgrabahAladdin
78.1%
Olympus ColiseumHades
77.8%
World That Never WasAxel
77.5%
Disney CastleDaisy Duck
77%
Beast's CastleBeast
77%
Pride LandsSimba
76.9%
Disney CastleChip
76.7%
Beast's CastleChip
76.6%
100 Acre WoodTigger
76.4%
100 Acre WoodPiglet
76.2%
NeverlandPeter Pan
75.9%
Deep JungleTarzan
75.6%
AtlanticaAriel
75.5%
Beast's CastleBelle
74.7%
Radiant GardenCloud
74.6%
100 Acre WoodRabbit
74.4%
Pride LandsScar
74.3%
AgrabahJafar
74.2%
Disney CastlePete
74%
WonderlandAlice
73.9%
Land of DragonsMulan
73.7%
Dwarf WoodlandsThe Queen (Witch)
72.9%
Radiant GardenAnsem the Wise
72.7%
Radiant GardenLeon
72.2%
AgrabahJasmine
72.2%
AgrabahGenie
71.7%
Olympus ColiseumPhiloctetes
71.3%
Deep JungleJane Porter
70.7%
Pride LandsNala
70.6%
World That Never WasXemnas
69.9%
NeverlandCaptain Hook
69.5%
100 Acre WoodOwl
69.3%
Pride LandsTimon
68.8%
Radiant GardenAnsem
68.7%
Olympus ColiseumMegara
68.2%
Dwarf WoodlandsSnow White
68%
100 Acre WoodRoo
67.9%
Space ParanoidsTron
67.9%
The GridRinzler
67.1%
Destiny IslandsTidus
66.9%
Radiant GardenYuffie
66.6%
AtlanticaUrsula
66.5%
WonderlandQueen of Hearts
66.5%
Halloween TownSally
66%
Destiny IslandsWakka
65.7%
Destiny IslandsYoung Xehanort
65%
UnknownMaster Xehanort
64.8%
100 Acre WoodKanga
64.4%
AtlanticaFlounder
64.3%
Enchanted DominionMaleficent
64%
Halloween TownOogie Boogie
63.8%
NeverlandWendy
63.7%
AtlanticaSebastian
63.6%
Pride LandsMufasa
63.5%
AtlanticaKing Triton
63.4%
100 Acre WoodEeyore
63.4%
Disney CastleDale
63.2%
Disney CastlePluto
63%
World That Never WasXion
62.7%
Land of DepartureAqua
62.2%
Radiant GardenAerith
61.9%
World That Never WasXigbar
61.9%
NeverlandTinker Bell
61.7%
Castle of DreamsCinderella
61.5%
Land of DepartureTerra
61.2%
Land of DepartureVentus
61.1%
Olympus ColiseumPain
60.8%
Homeworld Character % Correct
Port RoyalWilliam Turner
60.5%
World That Never WasSai'x
60.4%
World That Never WasMarluxia
60.3%
Radiant GardenCid
60.1%
Destiny IslandsSelphie
59.9%
Radiant GardenXehanort
59.5%
Dwarf WoodlandsDoc
59.3%
AgrabahAbu
59%
Unknown (FF Series)Sephiroth
58.9%
Dwarf WoodlandsGrumpy
58.8%
Port RoyalElizabeth Swann
58.7%
Land of DragonsMushu
58.5%
Dwarf WoodlandsSleepy
58.4%
World That Never WasLarxene
58.4%
Castle OblivionNamine'
58.4%
Enchanted DominionAurora
58.3%
Halloween TownLock
58.1%
Halloween TownBarrel
57.9%
World That Never WasXaldin
57.9%
Deep JungleClayton
57.8%
Twilight TownPence
57.8%
AgrabahIago
57.6%
Halloween TownShock
57.3%
Twilight TownOlette
57.2%
World That Never WasDemyx
56.9%
Twilight TownHayner
56.9%
Beast's CastleLumiere
56.8%
WonderlandCheshire Cat
56.6%
Beast's CastleCogsworth
55.8%
UnknownMerlin
55.6%
Dwarf WoodlandsThe Prince
55.6%
Deep SpaceStitch
55%
Dwarf WoodlandsDopey
54.9%
World That Never WasVexen
54.6%
NeverlandSmee
54.6%
Radiant GardenLea
54.5%
Dwarf WoodlandsHappy
53.7%
World That Never WasZexion
53.6%
World That Never WasLuxord
53.3%
Prankster's ParadisePinocchio
53.1%
Dwarf WoodlandsSneezy
53%
Beast's CastleMrs. Potts
52.4%
Pride LandsPumbaa
52.3%
Radiant GardenTifa
52.1%
AgrabahCarpet
51.9%
Olympus ColiseumPegasus
51.5%
Olympus ColiseumCerberus
51.2%
WonderlandWhite Rabbit
51%
Halloween TownThe Mayor
50.6%
Disney CastleHuey
50.5%
Twilight TownSeifer
50.3%
Port RoyalCaptain Barbossa
50.3%
Disney CastleScrooge McDuck
50.1%
Twilight TownYen Sid
49.9%
Prankster's ParadiseJiminy Cricket
49.9%
Pride LandsRafiki
49.8%
AtlanticaPrince Eric
48.7%
Olympus ColiseumPanic
48.2%
Dwarf WoodlandsBashful
48%
Radiant GardenIsa
47.7%
World That Never WasLexaeus
47.5%
Twilight TownVivi
47.3%
La Cité des ClochesQuasimodo
46.7%
WonderlandCard Soldier
46.4%
AtlanticaFlotsam
45.9%
Land of DragonsLi Shang
45.9%
Radiant GardenBraig
45.9%
Halloween TownZero
45.8%
Unknown (FF Series)Auron
45%
Pride LandsEd
44.9%
Halloween TownSanta Claus
44.8%
Disney CastleLouie
44.7%
Unknown (FF Series)Rikku
44.7%
Land of DepartureMaster Eraqus
44.2%
Disney CastleDewey
43.4%
Olympus ColiseumHydra
43.3%
Olympus ColiseumIce Titan
43.1%
Castle of DreamsFairy Godmother
42.9%
Unknown (FF Series)Yuna
42.8%
Land of DragonsThe Emperor
42.7%
Homeworld Character % Correct
Prankster's ParadiseGeppetto
42.2%
Keyblade GraveyardVanitas
42.2%
100 Acre WoodGopher
42.1%
Prankster's ParadiseMonstro
42%
Twilight TownSetzer
42%
AtlanticaJetsam
41.9%
Radiant GardenEven
41.7%
La Cité des ClochesEsmeralda
41.5%
Olympus ColiseumRock Titan
41.3%
Space ParanoidsMCP
41.1%
Castle of DreamsLady Tremaine
40.4%
Radiant GardenDilan
40.4%
NeverlandThe Crocodile
40.2%
Pride LandsShenzi
39.7%
Enchanted DominionFlora
39.4%
Deep JungleKerchak
39.1%
La Cité des ClochesClaude Frollo
38.7%
Enchanted DominionFauna
38.5%
Radiant GardenIenzo
38.4%
Unknown (TWEWY Series)Beat
38.4%
Unknown (FF Series)Zack
38.3%
Twilight TownRai
38.1%
Castle of DreamsPrince Charming
37.9%
Deep JungleTerk
37.9%
Land of DragonsShan-Yu
37.6%
Timeless RiverClara Cluck
37.6%
WonderlandDoorknob
37.5%
Unknown (TWEWY Series)Neku Sakuraba
37.4%
Disney CastleEnchanted Brooms
37.2%
Enchanted DominionMerryweather
37.1%
Halloween TownDr. Finkelstein
36.8%
Twilight TownFuu
36.1%
Unknown (FF Series)Paine
36%
AgrabahThe Peddler
35.9%
Land of DragonsLing
35.8%
NeverlandSlightly
35.5%
Beast's CastleThe Wardrobe
35.4%
Unknown (TWEWY Series)Joshua
35.4%
NeverlandCubby
34.9%
Pride LandsBanzai
34.8%
Unknown (TWEWY Series)Rhyme
34.7%
Deep JungleSabor
33.9%
Space ParanoidsSark
33.9%
Castle of DreamsJaq
33.9%
Enchanted DominionPrince Phillip
33.6%
Radiant GardenAeleus
33.3%
Timeless RiverHorace Horsecollar
33.2%
Unknown (FF Series)Moogles
33.1%
Deep SpaceDr. Jumba
32.9%
UnknownDumbo
32.6%
Deep SpaceCaptain Gantu
32.5%
Castle of DreamsLucifer
32.3%
UnknownBambi
32.2%
Castle of DreamsAnastasia
32%
Timeless RiverClarabelle Cow
31.4%
Deep JungleKala
31%
Unknown (TWEWY Series)Shiki
30.8%
Dwarf WoodlandsThe Magic Mirror
30.5%
Prankster's ParadiseBlue Fairy
30.2%
Land of DragonsYao
29.6%
La Cité des ClochesCaptain Phoebus
29.2%
The GridSam Flynn
28.7%
UnknownChicken Little
28.6%
Radiant GardenKairi's Grandmother
28.1%
Land of DragonsChien Po
27.8%
The GridCLU
27.8%
Castle of DreamsDrizella
26.9%
Symphony of SorceryChernabog
26.5%
The GridKevin Flynn
26%
The GridQuorra
25.2%
Deep SpaceGrand Councilwoman
24.2%
La Cité des ClochesHugo
23.9%
La Cité des ClochesVictor
23.1%
La Cité des ClochesLaverne
22%
UnknownPongo
22%
Country of the MusketeersThe Beagle Boys
22%
Castle of DreamsGrand Duke
21.9%
Deep SpaceExperiment 221
20.4%
UnknownPerdita
20.3%

You're not logged in!

Compare scores with friends on all Sporcle quizzes.
OR
Log In

Sporcle TV

Today on Sporcle TV


Watch our educational content, quiz creation guides, and fun videos on Sporcle TV.

Show Comments

Extras

Top Quizzes Today


Score Distribution

Your Account Isn't Verified!

In order to create a playlist on Sporcle, you need to verify the email address you used during registration. Go to your Sporcle Settings to finish the process.

Report this User

Report this user for behavior that violates our Community Guidelines.

Details: